000 01554nam a2200409 i 4500
001 DIGRAMA0274
003 NyNyDIG
007 cr |||||||||||
008 220523s2019 sp a o 000 0 spa d
006 m o d
035 _a(OCoLC)1335134661
040 _aDGITA
_beng
_erda
_epn
_cDGITA
020 _a9788499648309
_qeBook
020 _z9788499648101
050 1 4 _aQA76.76.A65 ebook
082 1 4 _a005.25
100 1 _aNolasco Valenzuela, Jorge Santiago,
_eauthor.
245 1 0 _aDesarrollo de aplicaciones con Android /
_cJorge Santiago Nolasco Valenzuela.
264 1 _aParacuellos de Jarama, Madrid :
_bRa-Ma,
_c[2019]
300 _a1 online resource :
_billustrations.
336 _atext
_btxt
_2rdacontent
337 _acomputer
_bc
_2rdamedia
338 _aonline resource
_bcr
_2rdacarrier
347 _atext file
_2rdaft
347 _bPDF
588 0 _aOnline resource; title from PDF title page (Digitalia, viewed May 23, 2022)
630 0 0 _aAndroid (Electronic resource)
650 0 _aApplication software
_xDevelopment.
650 0 _aApplication software
_xDesign.
655 0 _aElectronic books.
791 2 _aDigitalia (Firm),
_edistributor.
793 0 _gDigitalia eBook Collection:
_aRa-Ma Editorial
776 0 8 _iPrint version:
_aNolasco Valenzuela, Jorge Santiago.
_tDesarrollo de aplicaciones con Android.
_dParacuellos de Jarama, Madrid : Ra-Ma, [2019]
_z9788499648101
856 4 0 _3Digitalia Hispánica
_uhttps://www.digitaliapublishing.com/a/110142/
910 _aPremium collection: 2022
942 _cRAA
999 _c272520
_d272520